10 Most Populous Cities in Arizona - Statistics

General Stats
  • This quiz has been taken 18 times
  • The average score is 8 of 10
Answer Stats
Population City % Correct
1,662,607 Phoenix
100%
513,567 Mesa
93%
245,231 Scottsdale
93%
548,772 Tucson
93%
255,490 Glendale
87%
277,490 Gilbert
80%
191,336 Tempe
80%
281,107 Chandler
73%
201,001 Peoria
53%
162,911 Surprise
53%
No matching quizzes found
Score Distribution
Percent of People with Each Score
Percentile by Number Answered
Your Score History
You have not taken this quiz